| 000 | 01402 a2200229 4500 | ||
|---|---|---|---|
| 001 | 36157 | ||
| 005 | 20260407155638.0 | ||
| 008 | 260407a1995 arg spa d | ||
| 003 | AR-UNSa-BCEJYS | ||
| 040 |
_aAR-UNSa-BCEJYS _bspa _cAR-UNSa-BCEJYS |
||
| 080 |
_a658.016.7 _xPrincipios generales. Eficiencia. Racionalización. Productividad (Reingeniería) |
||
| 245 | 1 | 0 |
_aReingeniería en la gerencia _pcómo modificar el trabajo gerencial para rediseñar con éxito |
| 020 | _a958-04-3199-X | ||
| 264 | 1 |
_aBogotá : _bGrupo Editorial Norma _c1995 |
|
| 300 |
_a244 p. _c23 cm. |
||
| 505 | _a1.¿ La administración?¿Por qué rediseñar la administración? - 2. El problema de la administración - 3. Vivir con las preguntas - 4. Al fin y al cabo,¿para qué es este negocio? - 5. Casos pertinentes: Qué era lo que queríamos - 6. ¿Qué clase de cultura queremos? - 7. Casos perinentes: qué era lo que queríamos - 8.¿Cómo haremos nuestro trabajo? - 9. Casos pertinentes: Pensar en procesos administrativos - 10.¿ Con qué clase de personas queremos trabajar? - 11. Casos pertinetes: Cómo escogemos - 12. La segunda revolución gerencial - Reconociemientos. | ||
| 942 | _cBK | ||
| 590 | _aniveau_biblio:m niveau_hierar:0 | ||
| 100 | 1 | _aChampy, James | |
| 700 | 1 | _aCárdenas Nannetti, Jorge | |
| 856 | 4 | 1 |
_uhttps://biblioeco.unsa.edu.ar/pmb/images/libros/L85405.jpg _yImagen de portada _qimage/jpeg |
| 999 |
_c2617 _d2617 |
||